Original survey handbook on merchandise distribution in Japan

Đã lưu trong:
書目詳細資料
格式: 圖書
語言:Undetermined
出版: Tokyo Business International Inc 1976
主題:
標簽: 添加標簽
沒有標簽, 成為第一個標記此記錄!
Thư viện lưu trữ: Trung tâm Học liệu Trường Đại học Cần Thơ
LEADER 00438nam a2200157Ia 4500
001 CTU_85990
008 210402s9999 xx 000 0 und d
082 |a 380.1 
082 |b O.68 
245 0 |a Original survey handbook on merchandise distribution in Japan 
260 |a Tokyo 
260 |b Business International Inc 
260 |c 1976 
650 |a Commerce 
904 |i Năm 
980 |a Trung tâm Học liệu Trường Đại học Cần Thơ